Demographics of Sydney - Language spoken at home by region - Statistics

General Stats
  • This quiz has been taken 205 times
  • The average score is 16 of 20
Answer Stats
Language Spoken at Home % Correct
Mandarin
98%
Arabic
95%
French
92%
German
91%
Hindi
91%
Cantonese
90%
Italian
90%
Spanish
90%
Vietnamese
87%
Korean
85%
Greek
84%
Japanese
83%
Portuguese
80%
Tagalog / Filipino
78%
Thai
73%
Indonesian
67%
Punjabi
60%
Bengali
58%
Urdu
56%
Assyrian Neo-Aramaic
17%
No matching quizzes found
Score Distribution
Percent of People with Each Score
Percentile by Number Answered
Your Score History
You have not taken this quiz